000 00450cam a2200181ua 4500
020 _c3.00
041 _ahin
_h
082 _a891.54
_bBAM/RA
100 _aBankimchandra, Chatterji .
245 _aRajasimh /
_cBankimchandrachatterji.
_hTextual Documents
250 _a5 /
_b.
260 _aVaranasi :
_bHindi Pracharak Pusthakalayam ,
_c1961.
300 _a224 ; .
365 _a3.00
504 _a
942 _cBK
999 _c8389
_d8389